000 00613nam a2200229 i 4500
001 C2-0077035
003 PPAK
005 20180727082438.0
008 970429s1963 enka|||| ||||| | eng d
020 _a0297785680
040 _aPPAK
_beng
_cPPAK
_erda
082 0 4 _a364.1523
_223
090 0 0 _a364.1523
_bHAN
_dG
100 1 _aHancock, Robert,
_eauthor
245 1 0 _aRuth ellis
264 1 _aLondon :
_bWeidenfeld and Nicolson ,
_c1963
300 _a192 pages :
_billustrations ;
_c22 cm
336 _2rdacontent
_atext
337 _2rdamedia
_aunmediated
338 _2rdacarrier
_avolume
942 _ddc
_cB
999 _c12242
_d12242